000 01134cab a22001935a 4500
001 L140968
008 071023e20071020xxk f 000 0 eng d
035 _a(Sirsi) u140968
041 0 _aeng
100 1 _aFetherstonhaugh, Guy
245 0 0 _aDevelopers need a nudge in the right direction
260 _c2007
490 0 _aEstates Gazette
_v(0742) 20 October 2007, 292(1)
520 _aConsiders why the market has failed to embrace commonhold developments, despite government extolling its virtues and stating that commonhold would become standard for new-build developments consisting of interdependent units and common parts. Suggests the slow take-up of commonhold is due to a lack of interest in the marketplace, with purchasers, sellers and housebuilders reluctant to stray from leasehold and freehold. Concludes that commonhold will only take off if government markets it as a superior ownership vehicle, makes the legislation more transparent, and requires new public sector housing to be commonhold.
590 _aKA
651 4 _aEngland and Wales
_y1543-
690 _aPROPERTY-TENURE-COMMONHOLD PROPERTY
942 _n0
999 _c79401
_d79401